00408nam a2200169Ia 4500003000400000005001700004008004100021020001400062050002400076100002000100245004100120260003500161300002100196440000600217521000700223526000800230OSt20140311163112.0140130s9999 xx 000 0 und d a043938995 aPZ 7b.D5455Ti 2002 aDiCamillo, Kate aThe tiger rising /cDiCamillo, Kate. bScholastic,c2002.aNew York : a116 p. :c18 cm. v1 aG3 c520